000
00298nam a22001337a 4500
008
171012b xxu||||| |||| 00| 0 eng d
020
_a
9780791401378
041
_a
eng
080
_a
316
100
_a
50
101
_a
SOC
245
_a
THE HERMENEUTIC TRADITION
_c
SCHRIFT.AD
942
_2
udc
_c
BK
999
_c
33360
_d
33360